Подробности
| 000 -МАРКЕР |
| контрольное поле |
03127nam0a2200325 4500 |
| 001 - ИДЕНТИФИКАТОР ЗАПИСИ |
| контрольное поле |
RU\NLR\BIBL_A\010676171 |
| 005 - ИДЕНТИФИКАТОР ВЕРСИИ |
| контрольное поле |
20260406010123.0 |
| 010 ## - МЕЖДУНАРОДНЫЙ СТАНДАРТНЫЙ НОМЕР КНИГИ (ISBN) |
| Номер (ISBN) |
978-5-7417-0540-7 |
| Тираж |
56 |
| 021 ## - НОМЕР ГОСУДАРСТВЕННОЙ РЕГИСТРАЦИИ |
| Код страны |
Российская Федерация |
| Номер |
2014-96326 |
| Номер Листа государственной регистраци |
5849 |
| 035 ## - ДРУГИЕ СИСТЕМНЫЕ НОМЕРА |
| Идентификатор записи |
(NLR Aleph) 010676171 |
| 100 ## - ДАННЫЕ ОБЩЕЙ ОБРАБОТКИ |
| Данные общей обработки |
20150218d2014 |||y0rusy50 ca |
| 101 0# - ЯЗЫК РЕСУРСА |
| Язык текста, звукозаписи и т.д. |
русский |
| 102 ## - СТРАНА ПУБЛИКАЦИИ ИЛИ ПРОИЗВОДСТВА |
| Страна публикации |
Российская Федерация |
| 105 ## - ПОЛЕ КОДИРОВАННЫХ ДАННЫХ: ТЕКСТОВЫЕ МАТЕРИАЛЫ, МОНОГРАФИЧЕСКИЕ |
| Кодированные данные о монографическом текстовом документе |
a z 110zy |
| 200 1# - ЗАГЛАВИЕ И СВЕДЕНИЯ ОБ ОТВЕТСТВЕННОСТИ |
| Основное заглавие |
Труды 57-й Научной конференции МФТИ с международным участием, посвященной 120-летию со дня рождения П. Л. Капицы, Всероссийской научной конференции с международном участием "Актуальные проблемы фундаментальных и прикладных наук в области физики", Всероссийской молодежной научной конференции с международным участием "Актуальные проблемы фундаментальных и прикладных наук в современом информационном обществе", 24-29 ноября 2014 года |
| Наименование части |
Общая и прикладная физика |
| Первые сведения об ответственности |
М-во образования и науки Рос. Федерации, Рос. акад. наук, Моск. физ.-техн. ин-т (гос. ун-т), Рос. фонд фундам. исслед. |
| 210 ## - ПУБЛИКАЦИЯ, РАСПРОСТРАНЕНИЕ И ДР. |
| Место издания, распространения и т.д. |
Москва [и др.] |
| Имя издателя, распространителя и т. д. |
МФТИ |
| Дата издания, распространения и т.д. |
2014 |
| 215 ## - ФИЗИЧЕСКАЯ ХАРАКТЕРИСТИКА |
| Специфическое обозначение материала и объем |
114 с. |
| Другие сведения о физической характеристике |
ил., цв. ил. |
| Размеры |
28 |
| 320 ## - ПРИМЕЧАНИЯ О НАЛИЧИИ В ДОКУМЕНТЕ БИБЛИОГРАФИИ / УКАЗАТЕЛЯ |
| Текст примечания |
Библиогр. в конце ст. |
| 606 1# - НАИМЕНОВАНИЕ ТЕМЫ КАК ПРЕДМЕТ |
| Наименование темы |
Физика |
| Формальный подзаголовок |
Съезды, совещания и т.п |
| Системный номер авторитетной/нормативной записи |
898198 |
| Идентификатор авторитетной/нормативной записи |
RU\NLR\AUTH\665898 |
| 686 1# - ИНДЕКСЫ ДРУГИХ КЛАССИФИКАЦИЙ |
| Индекс |
В3я431(0) |
| 702 #1 - ИМЯ ЛИЦА - ВТОРИЧНАЯ ОТВЕТСТВЕННОСТЬ |
| Код отношения |
Прочие |
| Графика поля |
Кириллица |
| Материалы, к которым относится поле |
rus |
| Начальный элемент ввода |
Капица |
| Часть имени, кроме начального элемента ввода |
П. Л. |
| Даты |
1894-1984 |
| Расширение инициалов личного имени |
Петр Леонидович |
| Системный номер авторитетной/нормативной записи |
98515 |
| Идентификатор авторитетной/нормативной записи |
RU\NLR\AUTH\77115590 |
| 710 02 - НАИМЕНОВАНИЕ ОРГАНИЗАЦИИ - ПЕРВИЧНАЯ ОТВЕТСТВЕННОСТЬ |
| Начальный элемент ввода |
Московский физико-технический институт |
| Структурное подразделение |
Научная конференция с международным участием |
| Идентифицирующий признак |
Долгопрудный |
| Порядковый номер временной организации и / или порядковый номер ее части |
57 |
| Дата проведения временной организации |
2014 |
| Системный номер авторитетной/нормативной записи |
446346 |
| Идентификатор авторитетной/нормативной записи |
RU\NLR\AUTH\880390361 |
| 711 12 - НАИМЕНОВАНИЕ ОРГАНИЗАЦИИ - АЛЬТЕРНАТИВНАЯ ОТВЕТСТВЕННОСТЬ |
| Начальный элемент ввода |
"Актуальные проблемы фундаментальных и прикладных наук в области физики", всероссийская научная конференция с международным участием |
| Место проведения временной организации |
Долгопрудный |
| Дата проведения временной организации |
2014 |
| Системный номер авторитетной/нормативной записи |
446340 |
| Идентификатор авторитетной/нормативной записи |
RU\NLR\AUTH\880390357 |
| 711 12 - НАИМЕНОВАНИЕ ОРГАНИЗАЦИИ - АЛЬТЕРНАТИВНАЯ ОТВЕТСТВЕННОСТЬ |
| Начальный элемент ввода |
"Актуальные проблемы фундаментальных и прикладных наук в современном информационном обществе", всероссийская молодежная научная конференция с международным участием |
| Место проведения временной организации |
Долгопрудный |
| Дата проведения временной организации |
2014 |
| Системный номер авторитетной/нормативной записи |
446344 |
| Идентификатор авторитетной/нормативной записи |
RU\NLR\AUTH\880390360 |
| 942 ## - ДОПОЛНИТЕЛЬНЫЕ ЭЛЕМЕНТЫ ЗАПИСИ (АБИС) |
| Тип экземпляра АБИС |
Книга |
| 980 ## - КОЛЛЕКЦИЯ |
| Название коллекции |
НБР |
| 980 ## - КОЛЛЕКЦИЯ |
| Название коллекции |
Национальная библиография |